|
|
|
|
| LEADER |
00000nam a22000007a 4500 |
| 005 |
20140710234655.0 |
| 007 |
cr|||| |||| |
| 008 |
140710s2013 br |||||s|||| 00||0 por d |
| 020 |
|
|
|a 978-85-361-2839-9
|
| 035 |
|
|
|a 12233
|
| 040 |
|
|
|a vLex
|
| 090 |
|
|
|c 5020
|d 5020
|
| 100 |
1 |
|
|a Souto Maior, Jorge Luiz
|
| 245 |
1 |
0 |
|a Trabalhos Marginais
|h [Recurso electrn̤ico] /
|c Jorge Luiz Souto Maior
|
| 256 |
|
|
|a Servicio en ln̕ea
|
| 260 |
|
|
|a San Pablo:
|b LTR Editora,
|c 2013
|
| 300 |
|
|
|a 1 recurso electrn̤ico
|
| 500 |
|
|
|a A presente obra insere-se no contexto histr̤ico de ampliaȯ̂ do conceito de relaȯ̂ de emprego, visando ao alargamento da proteȯ̂ jurd̕ica trabalhista, percurso este extremamente necessr̀io na medida em que o capital, conhecendo os pressupostos jurd̕icos fixados, tender ̀a formalizar modos de exploraȯ̂ de trabalho fora desses mesmos padre̳s estabelecidos.
|
| 506 |
1 |
|
|a Disponible solo en los productos indicados
|d vLex Global
|d vLex Global (Academic Edition, excluding Law Schools)
|d vLex Global (U.S. Academic Edition, Law Schools)
|d vLex Global (U.S. Academic Edition, excluding Law Schools)
|d vLex Global (Academic Edition, Law Schools)
|
| 650 |
0 |
4 |
|a Derecho Laboral y Seguridad Social
|z Brasil
|
| 740 |
0 |
|
|a vLex Libros (Servicio en ln̕ea)
|
| 856 |
4 |
0 |
|u http://vlex.com/source/trabalhos-marginais-12233
|z Acceso restringido
|
| 942 |
|
|
|c BOOK
|
| 999 |
0 |
|
|a Labor Law and Social Security
|